Music Quiz

Random Music or Decade Quiz

70 from the 70s II (clips) Quiz Stats

 Plays Quiz not verified by Sporcle

Challenge
Share
Tweet
Score 0/70 Timer 20:00
0 Plays Today
Time Song % Correct
00:00 - 00:07Hotel California
98.9%
01:51 - 01:57Imagine
94.5%
07:33 - 07:41I Will Survive
92.3%
00:33 - 00:39Copacabana (At the Copa)
85.5%
06:34 - 06:41Roxanne
84.9%
07:23 - 07:32Piano Man
84.4%
02:17 - 02:23The Joker
84.2%
07:51 - 08:00Disco Inferno
84.1%
09:41 - 09:48Killer Queen
83%
01:44 - 01:50Lola
82.8%
09:33 - 09:40Superstition
82.5%
03:42 - 03:50You Sexy Thing
82.1%
03:14 - 03:23(Don't Fear) The Reaper
81.5%
06:09 - 06:17Lady Marmalade
81.5%
03:59 - 04:05Gonna Fly Now (Theme From Rocky)
80.6%
09:49 - 10:00Video Killed The Radio Star
79.4%
00:16 - 00:23We Are Family
78.6%
02:41 - 02:47Cars
77.6%
07:06 - 07:15Money
77.5%
01:00 - 01:08Baker Street
75.6%
05:16 - 05:23Le Freak
74.8%
05:42 - 05:50September
74.5%
04:58 - 05:06Ballroom Blitz
73.7%
02:56 - 03:04Always Look on the Bright Side of Life
67.3%
01:36 - 01:43The Devil Went Down To Georgia
66.8%
02:08 - 02:16Hold the Line
66.8%
04:41 - 04:49Because The Night
64.9%
08:44 - 08:50Don't Stop 'Til You Get Enough
64.8%
06:18 - 06:25Won't Get Fooled Again
63.5%
00:24 - 00:32I Was Made For Lovin' You
63.2%
04:50 - 04:57Brass in Pocket
62.1%
03:05 - 03:13I'm Every Woman
59.9%
05:32 - 05:41Radar Love
59.2%
00:49 - 00:59God Save The Queen
55.9%
08:01 - 08:08That's The Way (I Like It)
55.5%
Time Song % Correct
02:33 - 02:40Bat out of Hell
54.2%
04:31 - 04:40Pop Muzik
54.2%
09:09 - 09:16Lust For Life
52.5%
08:28 - 08:35Rapper's Delight
52.1%
00:08 - 00:15Lovely Day
46.1%
03:51 - 03:58Working My Way Back To You
45.5%
04:14 - 04:22Boys Don't Cry
41.7%
03:33 - 03:41Ring My Bell
41.3%
08:09 - 08:19Perfect Day
39.9%
00:40 - 00:48Boogie Nights
39.6%
06:50 - 06:58I've Never Been To Me
35.5%
08:36 - 08:43Daddy Cool
33.9%
02:24 - 02:32Don't Leave Me This Way
32.7%
02:48 - 02:55Make Me Smile (Come Up And See Me)
31.4%
06:42 - 06:49Yes Sir, I Can Boogie
30.6%
01:27 - 01:35When a Child Is Born (Soleado)
26.6%
09:02 - 09:08Young Hearts Run Free
26.3%
05:07 - 05:15Ça Plane Pour Moi
25.4%
09:25 - 09:32(Is This The Way To) Amarillo
24.9%
07:42 - 07:50The Eton Rifles
23.7%
01:09 - 01:17Making Plans For Nigel
21.4%
06:26 - 06:33Merry Xmas Everybody
19.4%
04:23 - 04:30I Am Glad, 'Cause I Am Finally Returning Home
18.6%
03:24 - 03:32No More Heroes
18.3%
05:51 - 05:58Lucky Number
17.3%
01:58 - 02:07Transmission
15.2%
09:17 - 09:24Relight My Fire
14.1%
06:59 - 07:05Moskau
12.7%
05:59 - 06:08Cuba
9.3%
01:18 - 01:26Being Boiled
6.2%
05:24 - 05:31Sun Is Shining
5.1%
04:06 - 04:13When I'm Dead And Gone
3.7%
08:20 - 08:27Quiet Life
3.5%
07:16 - 07:22Deutscher Girls
2.1%
08:51 - 09:01Moskow Diskow
1.7%

You're not logged in!

Compare scores with friends on all Sporcle quizzes.
Join for Free
OR
Log In

You Might Also Like...

Show Comments

Extras

Curator's Pick May 25, 2018ReportNominate
Tags:Artist Quiz, Clip Quiz, Decade Quiz, Song Quiz

Top Quizzes Today


Score Distribution

Your Account Isn't Verified!

In order to create a playlist on Sporcle, you need to verify the email address you used during registration. Go to your Sporcle Settings to finish the process.

Report this User

Report this user for behavior that violates our Community Guidelines.

Details: